IELTS to success : Preparation tips and practice tests

Bibliographic Details
Main Author: Tucker, Janina
Other Authors: Bemmel, Eric Van
Format: Book
Published: Milton : John Wiley & Sons , 2002
Edition:2nd ed.
Subjects:

MARC

LEADER 00000cam a2200000 7i4500
001 0000015322
005 20050803.0
020 |a 0470801808 
040 |a INS 
090 0 0 |a PE1114   |b T888 2002 
100 1 |a Tucker, Janina 
245 0 0 |a IELTS to success :   |b Preparation tips and practice tests   |c Janina Tucker 
250 |a 2nd ed. 
260 |a Milton :   |b John Wiley & Sons ,   |c 2002 
300 |a vii :   |b 176p. ;   |c 28cm. 
650 0 0 |a English language   |x Examinations, questions 
650 0 0 |a International english language testing system 
700 0 |a Bemmel, Eric Van 
999 |a 0000015078   |b BOOK   |c Open Shelf   |e Default branch